| Record ID | marc_openlibraries_sanfranciscopubliclibrary/sfpl_chq_2018_12_24_run03.mrc:164878243:1943 |
| Source | marc_openlibraries_sanfranciscopubliclibrary |
| Download Link | /show-records/marc_openlibraries_sanfranciscopubliclibrary/sfpl_chq_2018_12_24_run03.mrc:164878243:1943?format=raw |
LEADER: 01943cam a2200505Ia 4500
001 ocm56961643
003 OCoLC
005 20151005053846.0
008 041112s2004 orua 000 1 eng d
020 $a1593072511
020 $a9781593072513
040 $aORX$cORX$dOCLCQ$dBAKER$dSFR$dUtOrBLW
041 1 $aeng$hjpn
043 $aa-ja---
049 $aSFRA
092 $aGN$bMIURA KE v.5
100 1 $aMiura, Kentarō.
240 10 $aBeruseruku.$lEnglish
245 10 $aBerserk.$n5 /$cby Kentaro Miura ; translation, Duane Johnson ; lettering and retouch Dan Nakrosis.
250 $a1st ed.
260 $aMilwaukie, OR :$bDark Horse Manga ;$aCarson, CA :$bDigital Manga Publishing,$c2004.
300 $a235 p. :$bchiefly ill. ;$c19 cm
336 $astill image$bsti$2rdacontent
337 $aunmediated$bn$2rdamedia
338 $avolume$bnc$2rdacarrier
500 $a"Parental advisory, explicit content"--Cover.
500 $aTranslated from the Japanese.
500 $aThis book is designed to be read from right to left in the traditional Japanese format.
521 8 $aFor mature readers 18+.
655 7 $aComics (Graphic works)$2lcgft
655 7 $aComics (Graphic works)$zJapan.$2lcgft
655 7 $aGraphic novels.$2lcgft
655 7 $aGraphic novels$zJapan.$2lcgft
700 1 $aJohnson, Duane.
700 1 $aNakrosis, Dan.
907 $a.b20349026$b09-26-18$c09-29-06
998 $axfs$b06-25-07$cm$da $e-$feng$goru$h0$i1
907 $a.b20349026$b08-03-15$c09-29-06
938 $aBaker & Taylor$bBKTY$c13.95$d10.46$i1593072511$n0006088194$sactive
980 $a0107 aw
994 $aC0$bSFR
998 $am6$b06-25-07$cm$da$e-$feng$goru$h0$i1
999 $yMARS
998 $axgc$axtn$b01-31-07$cm$da$e-$feng$goru$h0$i0
945 $aGN$bMIURA KE v.5$d - - $e12-09-2018 16:51$f0$g0$h12-10-18$i31223087642931$j503$0503$k - - $lxfsaa$o-$p$13.95$q-$r $s- $t1$u52$v14$w3$x5$y.i60561099$z06-01-10